000 00818nac a22002417a 4500
001 BR9507883
003 BR-BrBNA
005 20240105121803.0
008 230509b bl.|||m| |||| 00| 0 por d
040 _aBR-BrBNA
_bpor
_cBiblioteca Nacional de Agricultura
072 _aE14
090 _aE14 BR9507883
110 1 _aSecretaria de Planejamento da Presidencia da Republica, Brasilia, DF (Brasil)
_99009
245 1 _a1. Plano Nacional de Desenvolvimento da Nova Republica, 1986-1989
260 3 _aBrasilia, DF (Brasil):
_c1986.
300 _a261 p.
490 _aPlano Nacional de Desenvolvimento (Brazil)
_v
_x
650 _aPolitica de Desenvolvimento
650 _aDesenvolvimento Economico
650 _aDesenvolvimento Social
909 _a202312
_bLúcia Elande
_c55
_dLúcia Elande
942 _2AGRIS
_n0
_cMS
999 _c287452
_d287452